00957cam a2200289 a 4500008004100000020003300041049000900074090001500083100002400098245006500122246003000187250001400217260004100231300005000272490002300322500002000345630002000365650002100385700002200406907003500428003000100463005001700464040000900481942002200490999001900512952013600531  a0072472332 (acid-free paper) aMAIN aZ52.5bOLE1 aO'Leary, Timothy J.10aMicrosoft Word 2002 /cTimothy J. O'Leary, Linda I. O'Leary.18aBrief Microsoft Word 2002 aBrief ed. aBoston :bMcGraw-Hill/Irwin,cc2002. a1 v. (various pagings) :bcol. ill. ;c28 cm.1 aThe O'Leary series aIncludes index.00aMicrosoft Word.00aWord processing.1 aO'Leary, Linda I. a.b10253853b28-05-12c20-03-0820230123124901.0 cNUST cBOOKSkZ52.5mOLE c131930d131930 r2023-01-23 00:00:00l0oZ52.5 OLEp92004008428v80.00w2023-01-23yBOOKS102LCC40708NFIC00aMAINbMAINcGENd2023-01-23g80.00